| 000 | 00903nam a2200229 i 4500 | ||
|---|---|---|---|
| 001 | 185865 | ||
| 003 | ES-MaACL | ||
| 005 | 20240524183634.0 | ||
| 008 | 160817s1950 sp |||| | spa d | ||
| 100 | 1 |
_aLa Orden Miracle, Ernesto. _969171 |
|
| 245 | 1 | 0 |
_aElogio de Quito / _cpor Ernesto La Orden Miracle ; prólogo del Márques de Lozoya. |
| 260 |
_aMadrid : _bCultura Hispánica, _c1950. |
||
| 300 |
_a122 p., 216 p. de lám. : _bprincipalmente il., plano ; _c29 cm. |
||
| 490 | 1 |
_aCuadernos de arte ; _v1 |
|
| 546 | _aTexto en español y traducción en inglés. | ||
| 651 | 7 |
_aQuito (Ecuador)- _vGuías turísticas _2 _9160496 |
|
| 651 | 7 |
_aQuito (Ecuador)- _vObras ilustradas _2 _9172692 |
|
| 700 | 1 |
_aLozoya, Juan de Contreras y López de Ayala, _cMarqués de, _d1893-1978 _9129112 |
|
| 830 | 1 |
_aCuadernos de arte _v1 _9183754 |
|
| 852 |
_aES-MaACL _jC-31473 |
||
| 999 |
_c185865 _d185865 |
||